Permainan (Buku besar)

Bibliographic Details
Main Author: Rafidah Joseph Upi
Format: Book
Published: Pahang : Dian Enterprise , 2010
Edition:Jilid 6
Series:Siri riang ria membaca
Subjects:

MARC

LEADER 00000cam a2200000 7i4500
001 0000064080
005 20160621.0
008 160621
020 |a 9789833952984 
020 |a 9789833952991 (set) 
090 0 0 |a JF   |b MAL 
100 1 |a Rafidah Joseph Upi 
245 1 0 |a Permainan (Buku besar)   |c Rafidah Joseph Upi 
250 |a Jilid 6 
260 |a Pahang :   |b Dian Enterprise ,   |c 2010 
300 |a 16 pg :   |b Col., Ill ;   |c 49.8cm. 
490 1 |a Siri riang ria membaca 
500 |a Children ages 7-9 years old (orange) 
650 0 |a Malay languange   |x Readers   |x Juvenile fiction 
999 |a 0001167571   |b Book   |c Children Collection   |e Cawangan Tmn. Ungku Tun Aminah 
999 |a 0001167572   |b Book   |c Children Collection   |e Cawangan Taman Sri Lambak 
999 |a 0001167573   |b Book   |c Children Collection   |e Cawangan Pontian 
999 |a 0001167576   |b Book   |c Children Collection   |e Cawangan Segamat 
999 |a 0001167577   |b Book   |c Children Collection   |e Cawangan Bandar Penawar 
999 |a 0001167581   |b Book   |c Children Collection   |e Cawangan Bukit Gambir